Music Quiz

Random Music or Missing Word Quiz

Missing Word: Kylie Minogue Songs (A-Z) Quiz Stats

 Plays Quiz not verified by Sporcle

Score 0/22 Timer 05:00
0 Plays Today
Song Title Missing Word % Correct
Can't _____ you Out of my Headget
98.5%
Love at _____ Sightfirst
98.2%
Step Back in _____time
97.9%
Come _____ My Worldinto
97.6%
Tears _____ my Pillowon
97.6%
Did it _____again
97.1%
I _____ be so Luckyshould
97.1%
Hand on Your _____heart
96.2%
Confide in _____me
95.9%
In Your _____eyes
95.6%
On a _____ like thisnight
95%
Song Title Missing Word % Correct
Better the _____ you Knowdevil
94.1%
Some _____ of Blisskind
93.5%
_____ Ne Sais Pas Pourquoije
92.9%
Where the wild _____ growroses
92.6%
Red _____ Womanblooded
92.3%
_____ Stayplease
92.3%
Wouldn't _____ a Thingchange
91.2%
All the _____lovers
90.3%
Giving you _____up
88.2%
Put _____ in my Placeyourself
87.3%
_____ is Outword
82.3%

You're not logged in!

Compare scores with friends on all Sporcle quizzes.
OR
Log In

Show Comments

Extras

Top Quizzes Today


Score Distribution

Your Account Isn't Verified!

In order to create a playlist on Sporcle, you need to verify the email address you used during registration. Go to your Sporcle Settings to finish the process.

Report this User

Report this user for behavior that violates our Community Guidelines.

Details: